Current status and future prospects of mapping rubber plantations in India (Record no. 56657)

MARC details
000 -LEADER
fixed length control field 00520nam a2200193Ia 4500
100 ## - MAIN ENTRY--AUTHOR NAME
Personal name Pradeep B
245 #0 - TITLE STATEMENT
Title Current status and future prospects of mapping rubber plantations in India
260 ## - PUBLICATION, DISTRIBUTION, ETC. (IMPRINT)
Name of publisher Rubber Science
Year of publication 2020
300 ## - PHYSICAL DESCRIPTION
Number of Pages 127-139
650 ## - SUBJECT ADDED ENTRY--TOPICAL TERM
Topical Term NR acreage
650 ## - SUBJECT ADDED ENTRY--TOPICAL TERM
Topical Term NR plantations
650 ## - SUBJECT ADDED ENTRY--TOPICAL TERM
Topical Term Remote sensing
650 ## - SUBJECT ADDED ENTRY--TOPICAL TERM
Topical Term Satellite data
650 ## - SUBJECT ADDED ENTRY--TOPICAL TERM
Topical Term Spectral reflectance
700 ## - ADDED ENTRY--PERSONAL NAME
Personal name Annamalainathan K
700 ## - ADDED ENTRY--PERSONAL NAME
Personal name Jacob J
942 ## - ADDED ENTRY ELEMENTS (KOHA)
Koha item type Journals
Holdings
Withdrawn status Lost status Damaged status Not for loan Home library Current library Shelving location Date acquired Serial Enumeration / chronology Koha item type
      Journals RRII Library RRII Library Climate change 17/12/2021 Volume 33, Issue 2 Journals